Výroba polotovarov na bimetalické spojovacie elementy

Enregistré dans:
Détails bibliographiques
Auteur principal: Hlúšek, Filip (Auteur)
Autres auteurs: Vanko, Branislav (Directeur de thèse)
Format: Manuscrit Livre
Langue:slovaque
Publié: 2023
Sujets:
Accès en ligne:http://is.stuba.sk/zp/portal_zp.pl?podrobnosti=170453
Tags: Ajouter un tag
Pas de tags, Soyez le premier à ajouter un tag!

MARC

LEADER 00000ntm a22000003a 4500
001 stuzp94745
003 SK-STU
005 20231218122058.0
007 ta
008 150427s2015----xo-----f-mn---000-0-slo-d
040 |a STU  |b slo 
041 0 |a slo 
100 1 |a Hlúšek, Filip  |u 020050  |4 aut  |U SjF Strojnícka fakulta  |T SjF Ústav technológií a materiálov  |X 98684  |U J0050  |Y 803  |7 98684 
242 0 1 |a Production of semi-finished products for bimetallic joining elements  |y eng 
245 1 0 |a Výroba polotovarov na bimetalické spojovacie elementy 
260 |c 2023 
650 4 |a odporové zváranie so spojovacím elementom  |2 slo 
650 4 |a bimetalický spojovací element  |2 slo 
650 4 |a odstredivé odlievanie  |2 slo 
650 4 |a Resistance welding with joining elements  |2 eng 
650 4 |a bimetallic joining element  |2 eng 
650 4 |a centrifugal casting  |2 eng 
700 1 |a Vanko, Branislav  |u 020050  |k Z1  |4 ths  |U SjF Strojnícka fakulta  |T SjF Ústav technológií a materiálov  |X 22241  |U J0050  |Y 803  |7 A000022241 
856 4 |u http://is.stuba.sk/zp/portal_zp.pl?podrobnosti=170453 
996 |b 284J047326  |c J* 3546/DDP  |l JJSK  |s A  |a 24  |w stuzp94745_0001